| 000 | 00899cam a2200241 i 4500 | ||
|---|---|---|---|
| 999 |
_c12718 _d12718 |
||
| 005 | 20240704175123.0 | ||
| 008 | 230306s2023 it a b 000 0 eng d | ||
| 020 |
_a9788822908094 : _c42.00 EUR |
||
| 042 | _alccopycat | ||
| 082 | _a711 | ||
| 245 | 0 | 0 |
_aTransitional landscapes / _cedited by Michelangelo Russo, Anna Attademo, Enrico Formato, Francesca Garzilli. |
| 300 |
_a319 pages : _billustrations (chiefly color) ; _c30 cm |
||
| 504 | _aIncludes bibliographical references. | ||
| 650 | 0 | _aLandscape architecture. | |
| 650 | 0 |
_aCity planning _xEnvironmental aspects. |
|
| 650 | 0 | _aLandscape assessment. | |
| 700 | 1 |
_aRusso, Michelangelo, _d1965- _eeditor. |
|
| 700 | 1 |
_aAttademo, Anna, _eeditor. |
|
| 700 | 1 |
_aFormato, Enrico, _eeditor. |
|
| 700 | 1 |
_aGarzilli, Francesca, _eeditor. |
|
| 856 | 4 | 1 |
_3Table of contents only _uhttps://www.loc.gov/catdir/toc/casalini19/5429276.pdf |
| 942 | _2ddc | ||